书目信息 |
| 题名: |
宏观中国
|
|
| 作者: | 张明 著 | |
| 分册: | ||
| 出版信息: | 北京 东方出版社 2020.8 |
|
| 页数: | 277页 | |
| 开本: | 23cm | |
| 丛书名: | ||
| 单 册: | ||
| 中图分类: | F123.16 | |
| 科图分类: | ||
| 主题词: | 中国经济--zhong guo jing ji--宏观经济分析 | |
| 电子资源: | ||
| ISBN: | 978-7-5207-1540-9 | |
| 000 | 01021nam0 2200241 450 | |
| 001 | 2161421584 | |
| 005 | 20210928130734.0 | |
| 010 | @a978-7-5207-1540-9@dCNY58.00 | |
| 100 | @a20200821d2020 em y0chiy0120 ea | |
| 101 | 0 | @achi |
| 102 | @aCN@b110000 | |
| 105 | @ay z 000yy | |
| 106 | @ar | |
| 200 | 1 | @a宏观中国@Ahong guan zhong guo@e经济增长、周期波动与资产配置@f张明著 |
| 210 | @a北京@c东方出版社@d2020.8 | |
| 215 | @a277页@d23cm | |
| 330 | @a本书采用了“从长期到短期、从形势到政策、从宏观到配置”这一思路,分为上、中、下三篇,分别讨论了中国的经济增长、周期波动与资产配置,并提出了相应的分析框架。经济增长属于宏观经济学的长期概念,周期波动属于宏观经济学的短期概念,而资产配置则属于宏观经济学在金融市场投资领域的具体运用。 | |
| 517 | 1 | @a经济增长、周期波动与资产配置@Ajing ji zeng chang zhou qi bo dong yu zi chan pei zhi |
| 606 | 0 | @a中国经济@Azhong guo jing ji@x宏观经济分析 |
| 690 | @aF123.16@v5 | |
| 701 | 0 | @a张明@Azhang ming@4著 |
| 801 | 0 | @aCN@b百万庄@c20210927 |
| 905 | @b1302021-24@dF123.16@e306@f4 | |
| 宏观中国:经济增长、周期波动与资产配置/张明著.-北京:东方出版社,2020.8 |
| 277页;23cm |
| ISBN 978-7-5207-1540-9:CNY58.00 |
| 本书采用了“从长期到短期、从形势到政策、从宏观到配置”这一思路,分为上、中、下三篇,分别讨论了中国的经济增长、周期波动与资产配置,并提出了相应的分析框架。经济增长属于宏观经济学的长期概念,周期波动属于宏观经济学的短期概念,而资产配置则属于宏观经济学在金融市场投资领域的具体运用。 |
| ● |
| 相关链接 |
|
|
|
|
正题名:宏观中国
索取号:F123.16/306
 
预约/预借
| 序号 | 登录号 | 条形码 | 馆藏地/架位号 | 状态 | 备注 |
| 1 | 1302021 | 213020210 | 第一样本阅览室/ [索取号:F123.16/306] | 在馆 | |
| 2 | 1302022 | 213020229 | 第一借阅区/ [索取号:F123.16/306] | 在馆 | |
| 3 | 1302023 | 213020238 | 第一借阅区/ [索取号:F123.16/306] | 在馆 | |
| 4 | 1302024 | 213020247 | 第一借阅区/ [索取号:F123.16/306] | 在馆 |